Car brand by rear lights - Statistics

General Stats
  • This quiz has been taken 61 times
    48 since last reset
  • The average score is 15 of 22
Answer Stats
Picture Answer % Correct
Mini
89%
Toyota
89%
Nissan
83%
BMW
78%
Fiat
78%
Mclaren
78%
Porsche
78%
Volvo
78%
Land Rover
75%
Mazda
75%
Audi
72%
Chevrolet
72%
Jeep
72%
Ferrari
69%
Lexus
64%
Mercedes
61%
Renault
53%
Peugeot
47%
Citroen
44%
Alfa Romeo
42%
Dacia
36%
DS
28%
No matching quizzes found
Score Distribution
Percent of People with Each Score
Percentile by Number Answered
Your Score History
You have not taken this quiz since the last reset